| 000 | 01912cam a2200457 i 4500 | ||
|---|---|---|---|
| 001 | 37248 | ||
| 005 | 20230411085955.0 | ||
| 008 | 070328b2008 uy a 000 0 spa | ||
| 035 | _a(OCoLC)ocm61437536 | ||
| 040 |
_aBNCHL _bspa _cBNCHL |
||
| 020 | _a9974578434 | ||
| 020 | _a9789974578432 | ||
| 035 | _a(OCoLC)61437536 | ||
| 041 | 1 |
_aspa _hger |
|
| 043 | _ae-fr--- | ||
| 082 | 0 | 0 | _a320.11 |
| 049 | _aGRAL | ||
| 100 | 1 |
_aRadbruch, Gustav, _d1878-1949. |
|
| 245 | 1 | 0 |
_aCaricatvras de la jvsticia : _blitografías de Honoré Daumier / _cGustav Radbruch. |
| 246 | 3 | _aCaricaturas de la justicia : litografías de Honoré Daumier | |
| 246 | 0 |
_iTítulo original: _aKarikaturen der justiz. Lithographien von Honoré Daumier |
|
| 260 |
_aMontevideo ; _aBuenos Aires : _bEdit. B de F, _c2008. |
||
| 300 |
_a159 p. : _bprincipalmente il. ; _c23 cm. |
||
| 500 | _aCon un Prólogo sobre las obras históricoliterarias e historicoartísticas de Gustav Radbruch por: Hermann Klenner. | ||
| 500 | _aTraducción directa del alemán por el Dr. José Luis Guzmán Dalbora, Catedrático de Derecho Penal y Filosofía del Derecho en la Universidad de Antofagasta (Chile). | ||
| 500 | _aJulio César Faira (editor). | ||
| 500 | _aLetra inicial ornamentada. | ||
| 504 | _aBibliografâia: p. 159. | ||
| 600 | 1 | 4 |
_aDaumier, Honoré, 1808-1879 _xLitografías. |
| 650 | 4 |
_aJusticia _xCaricaturas. |
|
| 650 | 4 |
_aJusticia _xChistes, satiras, etc. |
|
| 650 | 4 |
_aFilosofía del derecho _xCaricaturas. |
|
| 650 | 7 |
_aAbogados _zFrancia _vCaricaturas y dibujos animados. _2renib |
|
| 650 | 7 |
_aAdministraciâon de justicia _vCaricaturas y dibujos animados. _2renib |
|
| 600 | 1 | 7 |
_aRadbruch, Gustav, _d1878-1949. _2renib |
| 650 | 7 |
_aArtistas _zFrancia _vBiografías. _2renib |
|
| 650 | 7 |
_aAbogados _zFrancia _vBiografías. _2renib |
|
| 700 | 1 |
_aGuzmâan Dalbora, Josâe Luis _etr. |
|
| 942 |
_2lcc _cbk |
||
| 994 |
_aC0 _bDRFGD |
||
| 999 |
_c110283 _d110283 |
||